000 00393nam a2200181Ia 4500
001 803
005 20260306140544.0
008 260306t2014||||xx |||||||||||||| ||spa||
041 _aESP
082 _a170
_bE64
100 _aEnríquez Olvera, Angélica
_eAUT
245 0 _aTaller de ética
260 _c2014
300 _a
_c
650 _aGEN
654 _aCHU
942 _cLIB
_dJUS
_fJUS
_2ddc
_n
999 _c803
_d803